000 00311nam a22001337a 4500
008 190226b xxu||||| |||| 00| 0 eng d
020 _a9780323371339
041 _aeng
080 _a610.73
100 _a1
101 _aINF
245 _aFundamentals of Nursing
_cYoost, B.L & Crawford, L.R
942 _2udc
_cBK
999 _c54314
_d54314